|
|
|
|
| LEADER |
01337nam a2200277 a 4500 |
| 001 |
192461 |
| 008 |
091011s1997 bg b i001 0 eng d |
| 010 |
|
|
|a 98900072
|
| 040 |
|
|
|a DLC
|c DLC
|d WAU
|d IXA
|d DLC
|
| 020 |
|
|
|a 9845510868
|
| 082 |
0 |
0 |
|a 016.3638/095492
|2 21
|
| 245 |
0 |
0 |
|a Bibliography of nutrition research at ICDDR, B, 1960-1996.
|
| 260 |
|
|
|a Dhaka :
|b International Centre for Diarrhoeal Disease Research, Bangladesh,
|c 1997.
|
| 300 |
|
|
|a iv, 60 p. ;
|c 25 cm.
|
| 490 |
1 |
|
|a Specialized bibliography series ;
|v no. 17
|
| 504 |
|
|
|a Includes indexes.
|
| 541 |
1 |
|
|e 00006137
|
| 650 |
|
0 |
|a Nutrition
|v Bibliography.
|
| 650 |
|
0 |
|a Nutrition
|z Bangladesh
|v Bibliography.
|
| 610 |
2 |
0 |
|a International Centre for Diarrhoeal Disease Research, Bangladesh
|v Bibliography.
|
| 710 |
2 |
|
|a International Centre for Diarrhoeal Disease Research, Bangladesh.
|
| 830 |
|
0 |
|a Specialized bibliography series (Dhaka, Bangladesh) ;
|v no. 17.
|
| 852 |
4 |
|
|a Ayesha Abed Library
|j General Shelf.
|
| 999 |
|
|
|c 4405
|d 4405
|
| 952 |
|
|
|0 0
|1 0
|2 ddc
|4 0
|6 016_363809549200000_BIB_1997
|7 0
|9 4109
|a BRACUL
|b BRACUL
|c GEN
|d 2009-10-11
|g 100.00
|l 0
|o 016.3638095492 BIB
|p 3010006137
|r 2009-10-11
|t 1
|w 2009-10-11
|y BK
|
| 952 |
|
|
|0 0
|1 0
|2 ddc
|4 0
|6 016_363809549200000_BIB_1997
|7 0
|9 4114
|a BRACUL
|b BRACUL
|c GEN
|d 2009-10-11
|g 100.00
|l 0
|o 016.3638095492 BIB
|p 3010006136
|r 2009-10-11
|t 1
|w 2009-10-11
|y BK
|